Ga door naar de inhoud

Эволюция генома и коэволюция генетических систем учебное пособие

Учебное пособие подготовлено на кафедре генетики, цитологии и биоинженерии биолого-почвенного факультета Воронежского государственного университета. Рекомендуется для студентов бакалавриата биолого-почвенного факультета. Для направления 020200 – Биология...

Volledige beschrijving

Bewaard in:
Bibliografische gegevens
Formaat: Книга
Taal:Russian
Gepubliceerd in: Воронеж ВГУ 2010
Online toegang:https://e.lanbook.com/book/358421
https://e.lanbook.com/img/cover/book/358421.jpg
Tags: Voeg label toe
Geen labels, Wees de eerste die dit record labelt!
LEADER 01299nam0a2200229 i 4500
001 358421
003 RuSpLAN
005 20240216150948.0
008 240216s2010 ru gs 000 0 rus
040 |a RuSpLAN 
041 0 |a rus 
044 |a ru 
245 0 0 |a Эволюция генома и коэволюция генетических систем  |b учебное пособие 
260 |a Воронеж  |b ВГУ  |c 2010 
300 |a 82 с. 
504 |a Библиогр.: доступна в карточке книги, на сайте ЭБС Лань 
520 8 |a Учебное пособие подготовлено на кафедре генетики, цитологии и биоинженерии биолого-почвенного факультета Воронежского государственного университета. Рекомендуется для студентов бакалавриата биолого-почвенного факультета. Для направления 020200 – Биология 
521 8 |a Книга из коллекции ВГУ - Биология 
521 8 |a СЭБ 
856 4 |u https://e.lanbook.com/book/358421 
856 4 8 |u https://e.lanbook.com/img/cover/book/358421.jpg 
953 |a https://e.lanbook.com/img/cover/book/358421.jpg